000
00339nam a2200145Ia 4500
003
LK-CoDNM
008
010623t xxu||||| |||| 00| 1 eng d
040
_a
LK-CoDNM
_d
LK-CoDNM
_e
LK-CoDNM
041
_a
eng
080
_a
32
100
_a
Kelegama,Keerthi
245
_a
President Manipulates Justice
300
_b
35p.;27 cm cm
942
_c
BK
999
_c
135364
_d
135364